MARC

LEADER 00000nam0a2200000 4500
001 369399
005 20231102012158.0
035 |a (RuTPU)RU\TPU\retro\26785 
090 |a 369399 
100 |a 20220520d1980 km y0rusy50 ca 
101 0 |a rus 
102 |a RU 
105 |a y z 001zy 
200 1 |a Позитивизм и проблема исторических законов  |f Л. А. Журавлев  |g под ред. Ю. А. Замошкина 
210 |a Москва  |c Изд-во МГУ  |d 1980 
215 |a 310 с. 
320 |a Библиография в ссылках 
606 1 |a Позитивизм  |x Философия  |2 stltpush  |3 (RuTPU)RU\TPU\subj\49965  |9 68725 
606 1 |a Философия истории  |2 stltpush  |3 (RuTPU)RU\TPU\subj\64603  |9 81431 
610 1 |a исторические заметки 
610 1 |a натуралистический историзм 
610 1 |a родоначальники 
610 1 |a Франция 
610 1 |a Англия 
610 1 |a 19 век 
610 1 |a 20 век 
610 1 |a неопозитивизм 
610 1 |a методология 
610 1 |a антиисторизм 
686 |a Ю3(0)6-645  |v LBC/SL-A  |2 rubbk 
686 |a Т0в  |v LBC/SL-A  |2 rubbk 
700 1 |a Журавлев  |b Л. А.  |g Леонид Алексеевич 
702 1 |a Замошкин  |b Ю. А.  |4 340 
801 1 |a RU  |b 63413507  |c 20220520 
801 2 |a RU  |b 63413507  |c 20220928  |g RCR 
942 |c BK